Vplyv hĺbky dezénovej drážky na vlastnosti automobilovej pneumatiky

Enregistré dans:
Détails bibliographiques
Auteur principal: Konkoľ, Filip (Auteur)
Autres auteurs: Danko, Ján (Directeur de thèse)
Format: Manuscrit Livre
Langue:slovaque
Publié: 2020
Sujets:
Accès en ligne:http://is.stuba.sk/zp/portal_zp.pl?podrobnosti=143853
Tags: Ajouter un tag
Pas de tags, Soyez le premier à ajouter un tag!

MARC

LEADER 00000ntm a22000003a 4500
001 stuzp81478
003 SK-STU
005 20200711211223.0
007 ta
008 150427s2015----xo-----f-mn---000-0-slo-d
040 |a STU  |b slo 
041 0 |a slo 
100 1 |a Konkoľ, Filip  |u 020030  |4 aut  |U SjF Strojnícka fakulta  |T SjF Ústav dopravnej techniky a konštruovania  |X 93090  |U J0030  |Y 806  |7 93090 
242 0 1 |a Impact of tread depth on car tire properties  |y eng 
245 1 0 |a Vplyv hĺbky dezénovej drážky na vlastnosti automobilovej pneumatiky 
260 |c 2020 
650 4 |a tire  |2 eng 
650 4 |a grooves  |2 eng 
650 4 |a tread pattern  |2 eng 
650 4 |a aquaplaning  |2 eng 
650 4 |a aquaplaning  |2 slo 
650 4 |a pneumatika  |2 slo 
650 4 |a dezén  |2 slo 
650 4 |a drážky  |2 slo 
700 1 |a Danko, Ján  |u 020030  |k Z1  |4 ths  |U SjF Strojnícka fakulta  |T SjF Ústav dopravnej techniky a konštruovania  |X 3691  |U J0030  |Y 806  |7 A000003691 
856 4 |u http://is.stuba.sk/zp/portal_zp.pl?podrobnosti=143853